[Event "Asia-ch (Women)"]
[Site "Al Ain"]
[Date "2025.05.13"]
[Round "7"]
[White "Swati, Ghate"]
[Black "Pham, Le Thao Nguyen"]
[Result "1/2-1/2"]
[WhiteElo "2035"]
[BlackElo "2388"]
[PlyCount "85"]
[EventDate "2025.05.07"]
[EventType "swiss"]
[EventRounds "9"]
[EventCountry "UAE"]
[SourceTitle "CB21_2025"]
[SourceDate "2025.05.21"]
[SourceVersion "1"]
[SourceVersionDate "2025.05.21"]
[SourceQuality "1"]

1. e4 e5 2. Nf3 Nc6 3. Bb5 Nf6 4. d3 Bc5 5. c3 0-0 6. 0-0 Re8 7. Re1 a6 8. Ba4 h6 9. Nbd2 b5 10. Bb3 Bb6 11. h3 Bb7 12. Nf1 Na5 13. Bc2 d5 14. exd5 Qxd5 15. Ng3 e4 16. dxe4 Qxd1 17. Rxd1 Nxe4 18. Nxe4 Bxe4 19. Bxe4 Rxe4 20. Kf1 Rae8 21. b3 Nc6 22. Bd2 Re2 23. Be1 Rc2 24. a4 Re4 25. axb5 axb5 26. Rac1 Rb2 27. Rb1 Ree2 28. Nd2 Rxb1 29. Rxb1 Re6 30. Nf3 Ne7 31. Rd1 Nf5 32. Rd5 Nd6 33. Nd4 Bxd4 34. cxd4 c6 35. Re5 Ne4 36. Ke2 Nf6 37. Rxe6 fxe6 38. Bb4 Kf7 39. Bd6 h5 40. Be5 Nd7 41. Bd6 Kf6 42. Kf3 Kf5 43. g4+ 1/2-1/2

[Event "Asia-ch (Women)"]
[Site "Al Ain"]
[Date "2025.05.11"]
[Round "5"]
[White "Zhapova, Yana"]
[Black "Pham, Le Thao Nguyen"]
[Result "0-1"]
[WhiteElo "2258"]
[BlackElo "2388"]
[PlyCount "82"]
[EventDate "2025.05.07"]
[EventType "swiss"]
[EventRounds "9"]
[EventCountry "UAE"]
[SourceTitle "CB21_2025"]
[SourceDate "2025.05.21"]
[SourceVersion "1"]
[SourceVersionDate "2025.05.21"]
[SourceQuality "1"]

1. e4 e5 2. Nf3 Nc6 3. Bc4 Bc5 4. d3 Nf6 5. c3 a5 6. Bg5 h6 7. Bh4 d6 8. Nbd2 Ba7 9. 0-0 Qe7 10. Re1 g5 11. Bg3 Bd7 12. Bb5 Nh7 13. d4 f6 14. Nc4 Nf8 15. Bxc6 bxc6 16. dxe5 fxe5 17. Nfxe5 dxe5 18. Bxe5 Rh7 19. Bxc7 Kf7 20. Qb3 Be6 21. Bd6 Qd8 22. Ne5+ Kg8 23. Qa3 Qb6 24. Kh1 Nd7 25. Ng6 Rg7 26. Ne7+ Kh7 27. c4 Re8 28. e5 Kh8 29. Rad1 Nf8 30. c5 Qb7 31. Qf3 Rgxe7 32. Bxe7 Qxe7 33. Rd6 Bxc5 34. Rxc6 Rc8 35. Ra6 Bd4 36. h4 Bxb2 37. Qe3 Bc3 38. Rc1 Bd4 39. Qd2 Rxc1+ 40. Qxc1 Bxf2 41. hxg5 hxg5 0-1

[Event "Asia-ch (Women)"]
[Site "Al Ain"]
[Date "2025.05.09"]
[Round "3"]
[White "Malikova, Marjona"]
[Black "Pham, Le Thao Nguyen"]
[Result "0-1"]
[WhiteElo "2060"]
[BlackElo "2388"]
[PlyCount "122"]
[EventDate "2025.05.07"]
[EventType "swiss"]
[EventRounds "9"]
[EventCountry "UAE"]
[SourceTitle "CB21_2025"]
[SourceDate "2025.05.21"]
[SourceVersion "1"]
[SourceVersionDate "2025.05.21"]
[SourceQuality "1"]

1. d4 Nf6 2. c4 e6 3. g3 d5 4. Nf3 Be7 5. Bg2 0-0 6. 0-0 dxc4 7. Qc2 a6 8. a4 Bd7 9. Qxc4 Bc6 10. Bf4 Nbd7 11. a5 Nd5 12. Rd1 Nxf4 13. gxf4 Bd6 14. e3 Qf6 15. Kh1 Qh6 16. Ne5 Bxg2+ 17. Kxg2 Nf6 18. Nc3 Kh8 19. Rg1 Rad8 20. Kh1 Qh4 21. Rg2 c5 22. Rag1 cxd4 23. Nf3 Qh5 24. Nxd4 g6 25. Rg5 Qh6 26. Nf3 Qg7 27. Qb3 Rd7 28. Ne5 Rc7 29. Qb6 Rd8 30. Rd1 Qf8 31. Rgg1 Kg8 32. Rd4 Nd5 33. Nxd5 exd5 34. Rxd5 Bxe5 35. Rxe5 Rc2 36. e4 Rdd2 37. Rf1 Qc8 38. f5 Rxb2 39. Qe3 Re2 40. Qf4 Qb8 41. f6 Rxf2 42. Rxf2 Rxf2 43. Qxf2 Qxe5 44. Qf3 h5 45. Kg2 Kh7 46. Kh3 Qxa5 47. Qb3 Qc7 48. e5 Qd7+ 49. Kg3 b5 50. h3 Qc7 51. Kg2 Qc4 52. Qe3 b4 53. Qa7 g5 54. Qd7 Kg6 55. Qe8 b3 56. h4 gxh4 57. Qb8 Qe2+ 58. Kh3 b2 59. Qg8+ Kf5 60. Qc8+ Kf4 61. Qb7 Qf3+ 0-1

[Event "Titled Tuesday intern op 01st Apr Early"]
[Site "Chess.com INT"]
[Date "2025.04.01"]
[Round "4"]
[White "Pham, Le Thao Nguyen"]
[Black "Gharibyan, Mamikon"]
[Result "0-1"]
[WhiteElo "2388"]
[BlackElo "2473"]
[PlyCount "62"]
[EventDate "2025.04.01"]
[EventType "swiss (blitz)"]
[EventRounds "11"]
[EventCountry "USA"]
[SourceTitle "CB15_2025"]
[SourceDate "2025.04.09"]
[SourceVersion "1"]
[SourceVersionDate "2025.04.09"]
[SourceQuality "1"]

1. d4 Nf6 2. c4 e6 3. Nc3 Bb4 4. e3 0-0 5. Bd2 d5 6. Nf3 Nbd7 7. a3 Be7 8. Bd3 b6 9. cxd5 exd5 10. Ne5 Bb7 11. f4 c5 12. 0-0 Ne4 13. Be1 cxd4 14. exd4 Ndf6 15. Ne2 Rc8 16. Bb4 a5 17. Bxe7 Qxe7 18. Qe1 Ne8 19. Ng3 N8d6 20. f5 f6 21. Ng4 Rfe8 22. Nh5 Qf7 23. Qh4 Rc7 24. Rf4 Bc8 25. Raf1 Kh8 26. R4f3 Nd2 27. Rh3 Nxf1 28. Nhxf6 gxf6 29. Nxf6 Re3 30. Kxf1 Rxh3 31. gxh3 Bxf5 0-1

[Event "Titled Tuesday intern op 01st Apr Early"]
[Site "Chess.com INT"]
[Date "2025.04.01"]
[Round "3"]
[White "Pham, Le Thao Nguyen"]
[Black "Parfenov, Viktor N"]
[Result "1-0"]
[WhiteElo "2388"]
[BlackElo "2193"]
[PlyCount "119"]
[EventDate "2025.04.01"]
[EventType "swiss (blitz)"]
[EventRounds "11"]
[EventCountry "USA"]
[SourceTitle "CB15_2025"]
[SourceDate "2025.04.09"]
[SourceVersion "1"]
[SourceVersionDate "2025.04.09"]
[SourceQuality "1"]

1. d4 d5 2. c4 e6 3. Nc3 Nf6 4. Bg5 Nbd7 5. e3 h6 6. Bh4 Be7 7. Nf3 0-0 8. Rc1 c5 9. cxd5 Nxd5 10. Bxe7 Nxe7 11. Be2 b6 12. 0-0 Bb7 13. Nb5 Nf5 14. Bd3 a6 15. Bxf5 axb5 16. Bb1 b4 17. Qd3 Nf6 18. Ne5 Ba6 19. Nc4 Qb8 20. h3 Rd8 21. Rfd1 cxd4 22. exd4 Qf4 23. Qe3 Qxe3 24. fxe3 Nd5 25. Kf2 Rdc8 26. Ne5 Bb7 27. e4 Nf6 28. Ke3 Kf8 29. g4 Ke7 30. h4 Nd7 31. Nd3 Nf6 32. Ne5 Nd7 33. Nd3 Nf6 34. Nf2 g5 35. h5 Nd7 36. e5 Bd5 37. b3 Kd8 38. Ne4 Bxe4 39. Kxe4 Rxc1 40. Rxc1 Ra7 41. Rc4 Rc7 42. Kd3 b5 43. Rxb4 Rc1 44. Bc2 Rg1 45. Rxb5 Rxg4 46. a4 Rg3+ 47. Kc4 Rg2 48. Be4 Re2 49. Bd3 Re1 50. a5 Rc1+ 51. Kb4 g4 52. a6 Ra1 53. Ra5 Rxa5 54. Kxa5 Kc7 55. Be4 Nb6 56. a7 g3 57. a8Q Nxa8 58. Bxa8 Kb8 59. Bg2 Kc7 60. Kb5 1-0

[Event "Titled Tuesday intern op 25th Mar Early"]
[Site "Chess.com INT"]
[Date "2025.03.25"]
[Round "4"]
[White "Fernandez Siles, Luis"]
[Black "Pham, Le Thao Nguyen"]
[Result "0-1"]
[WhiteElo "2169"]
[BlackElo "2388"]
[PlyCount "80"]
[EventDate "2025.03.25"]
[EventType "swiss (blitz)"]
[EventRounds "11"]
[EventCountry "USA"]
[SourceTitle "CB14_2025"]
[SourceDate "2024.11.01"]
[SourceVersion "1"]
[SourceVersionDate "2024.11.01"]
[SourceQuality "1"]

1. e4 c6 2. d4 d5 3. exd5 cxd5 4. c4 Nf6 5. Nc3 Nc6 6. Bg5 Be6 7. c5 a6 8. h3 g6 9. Nf3 Bg7 10. Be2 0-0 11. 0-0 Ne4 12. Bf4 Bf5 13. g4 Be6 14. Na4 h6 15. Nb6 g5 16. Nxa8 Qxa8 17. Bh2 Qc8 18. Ne5 Nxe5 19. Bxe5 Bxe5 20. dxe5 Qxc5 21. Rc1 Qb6 22. Qb3 Qxb3 23. axb3 Nd2 24. Rfd1 Nxb3 25. Rc7 b5 26. Rxe7 Rc8 27. Bf3 Rc5 28. Rd3 d4 29. Rxe6 fxe6 30. Rxb3 Rxe5 31. Rd3 Re1+ 32. Kg2 e5 33. b3 e4 34. Bxe4 Rxe4 35. Kf3 Rf4+ 36. Kg3 a5 37. f3 Kf7 38. h4 Ke6 39. hxg5 hxg5 40. Kf2 Kd5 0-1

[Event "Titled Tuesday intern op 25th Mar Early"]
[Site "Chess.com INT"]
[Date "2025.03.25"]
[Round "1"]
[White "Pham, Le Thao Nguyen"]
[Black "Bartakke, Amardeep S"]
[Result "1-0"]
[WhiteElo "2388"]
[BlackElo "2116"]
[PlyCount "97"]
[EventDate "2025.03.25"]
[EventType "swiss (blitz)"]
[EventRounds "11"]
[EventCountry "USA"]
[SourceTitle "CB14_2025"]
[SourceDate "2024.11.01"]
[SourceVersion "1"]
[SourceVersionDate "2024.11.01"]
[SourceQuality "1"]

1. d4 Nf6 2. c4 e6 3. Nc3 d5 4. Bg5 Bb4 5. e3 Nbd7 6. Nge2 h6 7. Bh4 g5 8. Bg3 Ne4 9. a3 Bxc3+ 10. Nxc3 Nxg3 11. hxg3 Nf6 12. Bd3 Bd7 13. cxd5 exd5 14. Qb3 Bc6 15. Bf5 Kf8 16. Rc1 Kg7 17. Na2 Rb8 18. Nb4 Be8 19. Nd3 Qd6 20. Qc3 c6 21. Qc5 Qxc5 22. Nxc5 Rf8 23. g4 Ng8 24. f3 Ne7 25. Kf2 Rh8 26. Bd3 Kf6 27. Rh2 b6 28. Na6 Rc8 29. Rch1 Kg7 30. b4 Bd7 31. Rc1 f5 32. gxf5 Bxf5 33. Be2 Bd7 34. g4 Ng6 35. Bd3 Nh4 36. Kg3 Rhf8 37. f4 Rce8 38. Re2 Re7 39. f5 Rfe8 40. Rce1 Kf6 41. Nc7 h5 42. Nxe8+ Bxe8 43. e4 dxe4 44. Rxe4 Rxe4 45. Bxe4 hxg4 46. Kxg4 Bd7 47. Rf1 Ng2 48. Rf2 Ne3+ 49. Kf3 1-0

[Event "Titled Tuesday intern op 25th Mar Early"]
[Site "Chess.com INT"]
[Date "2025.03.25"]
[Round "3"]
[White "Pham, Le Thao Nguyen"]
[Black "Cuevas Araya, Walter"]
[Result "1/2-1/2"]
[WhiteElo "2388"]
[BlackElo "2033"]
[PlyCount "141"]
[EventDate "2025.03.25"]
[EventType "swiss (blitz)"]
[EventRounds "11"]
[EventCountry "USA"]
[SourceTitle "CB14_2025"]
[SourceDate "2024.11.01"]
[SourceVersion "1"]
[SourceVersionDate "2024.11.01"]
[SourceQuality "1"]

1. d4 e5 2. dxe5 Nc6 3. Nf3 Qe7 4. Qd5 f6 5. exf6 Nxf6 6. Qd1 d5 7. c3 Bf5 8. Bg5 0-0-0 9. Nbd2 h6 10. Bxf6 Qxf6 11. e3 g5 12. Qa4 Kb8 13. Bb5 Ne5 14. Nxe5 Qxe5 15. Nf3 Qe7 16. 0-0-0 Bg7 17. Bd3 Bd7 18. Qb3 Be6 19. Nd4 Bxd4 20. exd4 Rhf8 21. Rd2 Bf5 22. Bxf5 Rxf5 23. Qc2 Rf4 24. Re2 Qf7 25. f3 g4 26. fxg4 Rxg4 27. Rhe1 Qf4+ 28. Kb1 Qxh2 29. a3 a6 30. Rf1 Rdg8 31. Rff2 h5 32. Ka2 h4 33. Qf5 c6 34. Qf3 Ka7 35. Re7 R8g7 36. Rxg7 Rxg7 37. Qe2 Qg3 38. Qc2 Qe3 39. Qf5 Qe7 40. Qf4 Rh7 41. Qg4 Qg7 42. Qe6 Qd7 43. Qxd7 Rxd7 44. Rf4 Rg7 45. Rxh4 Rxg2 46. Rh7 Kb6 47. Kb3 a5 48. a4 Ka6 49. Ka3 Rg1 50. Kb3 Ra1 51. Rg7 Re1 52. Ka3 Re2 53. Kb3 Kb6 54. Rg6 Re7 55. Rh6 Ka7 56. Rg6 Rc7 57. Rh6 Rd7 58. Rg6 Kb8 59. Rh6 Kc7 60. Rg6 Re7 61. Rh6 Re1 62. Rg6 Ra1 63. Rh6 Re1 64. Rg6 Re7 65. Ka2 Rh7 66. Rf6 Rg7 67. Rh6 Kb6 68. Kb3 Ka6 69. Rf6 Rc7 70. Rh6 Kb6 71. Rg6 1/2-1/2

[Event "Titled Tuesday intern op 11th Mar Early"]
[Site "Chess.com INT"]
[Date "2025.03.11"]
[Round "1"]
[White "Pham, Le Thao Nguyen"]
[Black "Le, Tuan Minh"]
[Result "0-1"]
[WhiteElo "2388"]
[BlackElo "2598"]
[PlyCount "102"]
[EventDate "2025.03.11"]
[EventType "swiss (blitz)"]
[EventRounds "11"]
[EventCountry "USA"]
[SourceTitle "CB12_2025"]
[SourceDate "2025.03.19"]
[SourceVersion "1"]
[SourceVersionDate "2025.03.19"]
[SourceQuality "1"]

1. d4 d5 2. c3 c6 3. Nf3 Bf5 4. Bf4 e6 5. Qb3 Qb6 6. Nbd2 Nf6 7. h3 Be7 8. e3 0-0 9. Be2 c5 10. 0-0 Nc6 11. Qxb6 axb6 12. Rfe1 h6 13. Ne5 Rfc8 14. a3 Bd8 15. Bd3 Nxe5 16. Bxf5 Nc6 17. Bd3 Bc7 18. Bxc7 Rxc7 19. Bb5 Kf8 20. Rad1 Ne7 21. Bf1 g6 22. g4 Kg7 23. Bg2 Nc8 24. f3 cxd4 25. exd4 Nd6 26. h4 g5 27. h5 b5 28. Bf1 Nc4 29. Bxc4 bxc4 30. Nf1 Rc6 31. Ng3 Rb6 32. Rd2 Nd7 33. Rf1 Nf6 34. Kg2 Ra5 35. Rff2 Rab5 36. Kf1 Rb3 37. Ke1 Ne8 38. Rc2 Nd6 39. Rfd2 f5 40. Re2 Kf6 41. Kd1 Nf7 42. Kc1 f4 43. Nf1 e5 44. Nd2 R3b5 45. Nf1 Re6 46. Rcd2 e4 47. Nh2 Ra5 48. Rc2 Ra8 49. Kd1 Rae8 50. Rcd2 R8e7 51. Rc2 Nd6 0-1

[Event "Titled Tuesday intern op 04th Feb Late"]
[Site "Chess.com INT"]
[Date "2025.02.04"]
[Round "6"]
[White "Pham, Le Thao Nguyen"]
[Black "Souza, Adwilhans Luciano"]
[Result "1-0"]
[WhiteElo "2388"]
[BlackElo "2311"]
[PlyCount "49"]
[EventDate "2025.02.04"]
[EventType "swiss (blitz)"]
[EventRounds "11"]
[EventCountry "USA"]
[SourceTitle "CB07_2025"]
[SourceDate "2025.02.12"]
[SourceVersion "1"]
[SourceVersionDate "2025.02.12"]
[SourceQuality "1"]

1. d4 e5 2. dxe5 Nc6 3. Nf3 Qe7 4. Qd5 f6 5. exf6 Nxf6 6. Qd1 d5 7. c3 Bd7 8. Bf4 0-0-0 9. e3 h6 10. Nbd2 g5 11. Bg3 Ne4 12. Nxe4 dxe4 13. Nd4 Ne5 14. Qc2 Ng6 15. Be2 h5 16. h3 a6 17. a4 Bg7 18. b4 h4 19. Bh2 Kb8 20. b5 a5 21. b6 Ne5 22. bxc7+ Kxc7 23. Qxe4 Kb8 24. Rb1 Bc8 25. Nc6+ 1-0

[Event "Titled Tuesday intern op 04th Feb Late"]
[Site "Chess.com INT"]
[Date "2025.02.04"]
[Round "5"]
[White "Rosen, Eric S"]
[Black "Pham, Le Thao Nguyen"]
[Result "1-0"]
[WhiteElo "2377"]
[BlackElo "2388"]
[PlyCount "107"]
[EventDate "2025.02.04"]
[EventType "swiss (blitz)"]
[EventRounds "11"]
[EventCountry "USA"]
[SourceTitle "CB07_2025"]
[SourceDate "2025.02.12"]
[SourceVersion "1"]
[SourceVersionDate "2025.02.12"]
[SourceQuality "1"]

1. d4 Nf6 2. Bf4 d5 3. Nf3 c6 4. Nbd2 Nbd7 5. c4 Nb6 6. e3 Bg4 7. Qb3 Bxf3 8. gxf3 dxc4 9. Nxc4 e6 10. Rg1 Nxc4 11. Bxc4 Qb6 12. Be5 Qxb3 13. Bxb3 Nd7 14. Bf4 g6 15. Ke2 Be7 16. Rac1 a5 17. Bc2 a4 18. Bd3 Ra5 19. Rc2 0-0 20. Bg3 e5 21. Bf5 exd4 22. Bxd7 Rd8 23. Bc7 Rxd7 24. Bxa5 d3+ 25. Kd2 dxc2+ 26. Kxc2 Rd5 27. Bc3 Rh5 28. Rg2 b5 29. Kd3 Kf8 30. f4 Ke8 31. Be5 f6 32. Bc3 Kd7 33. b3 a3 34. b4 c5 35. bxc5 Bxc5 36. Kc2 Be7 37. Kb3 Kc6 38. f3 Rh3 39. Rf2 Kb6 40. Bd4+ Ka5 41. e4 b4 42. e5 f5 43. Be3 Kb5 44. Bd4 Rh4 45. Be3 h6 46. Rd2 Rh3 47. Rd5+ Kc6 48. Rd3 Rxf3 49. Kc4 Rf1 50. e6 Re1 51. Kb3 Re2 52. Ka4 Rxa2 53. Rd7 Bd6 54. Ra7 1-0

[Event "Titled Tuesday intern op 21st Jan Late"]
[Site "Chess.com INT"]
[Date "2025.01.21"]
[Round "6"]
[White "Moroni, Luca Jr"]
[Black "Pham, Le Thao Nguyen"]
[Result "0-1"]
[WhiteElo "2545"]
[BlackElo "2388"]
[PlyCount "96"]
[EventDate "2025.01.21"]
[EventType "swiss (blitz)"]
[EventRounds "11"]
[EventCountry "USA"]
[SourceTitle "CB05_2025"]
[SourceDate "2025.01.29"]
[SourceVersion "1"]
[SourceVersionDate "2025.01.29"]
[SourceQuality "1"]

1. d4 Nf6 2. c4 e6 3. Nc3 d5 4. cxd5 exd5 5. Bg5 c6 6. e3 Bf5 7. Bd3 Bg6 8. Nf3 Nbd7 9. Bxg6 hxg6 10. Rb1 Bd6 11. b4 a6 12. a4 b5 13. h3 Qe7 14. Qb3 Nb6 15. 0-0 0-0 16. Rfe1 Qe6 17. Bxf6 gxf6 18. Qc2 f5 19. a5 Nc4 20. Ne2 Na3 21. Qb3 Nxb1 22. Rxb1 Qe7 23. Nc1 f4 24. exf4 Bxf4 25. Nd3 Bd6 26. Nfe5 Rac8 27. f4 Rfe8 28. Qc2 Qe6 29. Nc5 Bxc5 30. Qxc5 f6 31. Ng4 Kg7 32. Rf1 Rc7 33. Qc1 Qe4 34. Qc5 Qd3 35. Nxf6 Re2 36. f5 Qg3 37. Ne8+ Rxe8 38. fxg6 Rce7 39. Qxc6 Qxg6 40. Qxd5 Re1 41. Rxe1 Rxe1+ 42. Kh2 Re7 43. h4 Qf6 44. Qh5 Qf4+ 45. g3 Qf2+ 46. Kh3 Qf1+ 47. Kg4 Re4+ 48. Kg5 Qf6# 0-1

[Event "Titled Tuesday intern op 21st Jan Late"]
[Site "Chess.com INT"]
[Date "2025.01.21"]
[Round "8"]
[White "Pham, Le Thao Nguyen"]
[Black "Dubreuil, Julien"]
[Result "1-0"]
[WhiteElo "2388"]
[BlackElo "2104"]
[PlyCount "67"]
[EventDate "2025.01.21"]
[EventType "swiss (blitz)"]
[EventRounds "11"]
[EventCountry "USA"]
[SourceTitle "CB05_2025"]
[SourceDate "2025.01.29"]
[SourceVersion "1"]
[SourceVersionDate "2025.01.29"]
[SourceQuality "1"]

1. d4 d5 2. Nf3 Nf6 3. Bf4 g6 4. e3 Bg7 5. h3 0-0 6. Nbd2 c5 7. c3 Nc6 8. dxc5 Nd7 9. Nb3 e5 10. Bg5 Nf6 11. Bb5 e4 12. Nfd4 Ne5 13. Be2 a5 14. a4 b6 15. cxb6 Qxb6 16. Nb5 Be6 17. 0-0 Nfd7 18. N3d4 Nc5 19. Be7 Rfc8 20. Bxc5 Rxc5 21. b4 Rcc8 22. Qb3 Nc4 23. Rfd1 h5 24. Ra2 Bh6 25. Bxc4 Rxc4 26. Rad2 Bd7 27. Na3 Rcc8 28. Ndb5 Be6 29. Nd4 Bd7 30. Nab5 Bg7 31. Qxd5 Bxb5 32. Nxb5 Bxc3 33. Nxc3 Rxc3 34. Qxa8+ 1-0

[Event "Titled Tuesday intern op 07th Jan Early"]
[Site "Chess.com INT"]
[Date "2025.01.07"]
[Round "4"]
[White "Pavlidou, Ekaterini"]
[Black "Pham, Le Thao Nguyen"]
[Result "1-0"]
[WhiteElo "2160"]
[BlackElo "2388"]
[PlyCount "103"]
[EventDate "2025.01.07"]
[EventType "swiss (blitz)"]
[EventRounds "11"]
[EventCountry "USA"]
[SourceTitle "CB03_2025"]
[SourceDate "2025.01.15"]
[SourceVersion "1"]
[SourceVersionDate "2025.01.15"]
[SourceQuality "1"]

1. d4 d5 2. c4 c6 3. cxd5 cxd5 4. Bf4 Nc6 5. e3 Nf6 6. Nc3 a6 7. Bd3 Bg4 8. f3 Bh5 9. Nge2 Bg6 10. g4 e6 11. a3 Nd7 12. h4 Bxd3 13. Qxd3 h5 14. Bg3 Qb6 15. b4 Rc8 16. g5 g6 17. Na4 Qb5 18. Qxb5 axb5 19. Nac3 Na7 20. Kf2 Be7 21. Rhb1 Nb6 22. a4 bxa4 23. Nxa4 Nxa4 24. Rxa4 Nb5 25. Ra5 Nd6 26. Rc5 Kd7 27. Rbc1 Nc4 28. Rb5 b6 29. e4 Kc6 30. Nc3 Na3 31. exd5+ Kb7 32. Rc5 bxc5 33. dxc5 Bxc5+ 34. bxc5 Rxc5 35. dxe6 fxe6 36. Bd6 Ra5 37. Ne4 Rc8 38. Ra1 Nc4 39. Rb1+ Ka8 40. Be7 Ra2+ 41. Kg3 Nd2 42. Nxd2 Rxd2 43. Ra1+ Kb7 44. Rb1+ Kc6 45. Bf6 Rd5 46. Ra1 Kd7 47. Ra7+ Rc7 48. Ra8 Rd3 49. Rd8+ Kc6 50. Rxd3 Rd7 51. Rxd7 Kxd7 52. Kf4 1-0

[Event "Titled Tuesday intern op 07th Jan Early"]
[Site "Chess.com INT"]
[Date "2025.01.07"]
[Round "7"]
[White "Pham, Le Thao Nguyen"]
[Black "Deveci, Huseyin Said"]
[Result "1-0"]
[WhiteElo "2388"]
[BlackElo "2225"]
[PlyCount "81"]
[EventDate "2025.01.07"]
[EventType "swiss (blitz)"]
[EventRounds "11"]
[EventCountry "USA"]
[SourceTitle "CB03_2025"]
[SourceDate "2025.01.15"]
[SourceVersion "1"]
[SourceVersionDate "2025.01.15"]
[SourceQuality "1"]

1. d4 Nf6 2. Nf3 d6 3. Bf4 g6 4. e3 Bg7 5. h3 Kf8 6. c4 Nbd7 7. Nc3 Kg8 8. Bd3 h6 9. Qc2 Kh7 10. g4 Rf8 11. 0-0-0 b5 12. cxb5 a6 13. h4 e5 14. dxe5 dxe5 15. Nxe5 Nxe5 16. Bxg6+ Nxg6 17. Rxd8 Rxd8 18. h5 Bxg4 19. hxg6+ fxg6 20. Ne4 Nxe4 21. Qxe4 Bf5 22. Qe7 Rd7 23. Qh4 h5 24. Qg5 Rf7 25. f3 axb5 26. e4 Be6 27. Be5 Rxa2 28. Kb1 Ra6 29. Rg1 Ba2+ 30. Kc2 Bc4 31. Bxg7 Kxg7 32. f4 Raf6 33. f5 Re7 34. Qf4 Kf7 35. fxg6+ Kg7 36. Qh4 Rfe6 37. Qxh5 Rxe4 38. Qh7+ Kf6 39. g7 Re2+ 40. Kc1 Bb3 41. g8N+ 1-0

[Event "Titled Tuesday intern op 07th Jan Early"]
[Site "Chess.com INT"]
[Date "2025.01.07"]
[Round "5"]
[White "Pham, Le Thao Nguyen"]
[Black "Tavernier, Loris"]
[Result "1-0"]
[WhiteElo "2388"]
[BlackElo "2063"]
[PlyCount "79"]
[EventDate "2025.01.07"]
[EventType "swiss (blitz)"]
[EventRounds "11"]
[EventCountry "USA"]
[SourceTitle "CB03_2025"]
[SourceDate "2025.01.15"]
[SourceVersion "1"]
[SourceVersionDate "2025.01.15"]
[SourceQuality "1"]

1. d4 d5 2. c4 e6 3. Nc3 Be7 4. Bf4 Nf6 5. e3 0-0 6. Nf3 Nbd7 7. h3 c5 8. dxc5 Nxc5 9. cxd5 exd5 10. Be2 Bf5 11. 0-0 Ne6 12. Be5 Be4 13. Rc1 Rc8 14. Nd4 Nxd4 15. Bxd4 a6 16. Qb3 b5 17. a4 b4 18. Bxf6 Bxf6 19. Nxe4 dxe4 20. Qxb4 Rb8 21. Qxe4 Bxb2 22. Rcd1 Qf6 23. Rd5 Rfe8 24. Qd3 Rb6 25. Rd1 g6 26. Rd7 Be5 27. Qc4 Bb8 28. g3 Kg7 29. Kg2 Be5 30. Ra7 Bb2 31. Rdd7 Rf8 32. Rxa6 Rxa6 33. Qxa6 Qf5 34. Qd3 Qf6 35. Qd5 Be5 36. a5 Bb8 37. a6 Ba7 38. Rxa7 Rb8 39. Bc4 Rb2 40. Rxf7+ 1-0

[Event "Titled Tuesday intern op 07th Jan Early"]
[Site "Chess.com INT"]
[Date "2025.01.07"]
[Round "6"]
[White "Ugarte Soto, Cesar"]
[Black "Pham, Le Thao Nguyen"]
[Result "0-1"]
[WhiteElo "2088"]
[BlackElo "2388"]
[PlyCount "38"]
[EventDate "2025.01.07"]
[EventType "swiss (blitz)"]
[EventRounds "11"]
[EventCountry "USA"]
[SourceTitle "CB03_2025"]
[SourceDate "2025.01.15"]
[SourceVersion "1"]
[SourceVersionDate "2025.01.15"]
[SourceQuality "1"]

1. Nf3 d5 2. a4 c6 3. d3 Bf5 4. Nbd2 Nf6 5. g3 h6 6. Bg2 e6 7. 0-0 a5 8. c3 Bc5 9. Qb3 Qb6 10. Qxb6 Bxb6 11. Nh4 Bh7 12. Re1 0-0 13. e4 Na6 14. e5 Nd7 15. d4 c5 16. Nb3 cxd4 17. cxd4 Nb4 18. Rd1 Bc2 19. Bd2 Bxb3 0-1

[Event "Swiss Queens Wed #48"]
[Site "FIDE Online Arena INT"]
[Date "2024.12.25"]
[Round "6"]
[White "Pham, Le Thao Nguyen"]
[Black "Vo, Thi Kim Phung"]
[Result "1/2-1/2"]
[WhiteElo "2384"]
[BlackElo "2322"]
[PlyCount "164"]
[EventDate "2024.12.25"]
[EventType "swiss (blitz)"]
[EventRounds "11"]
[EventCountry "NET"]
[SourceTitle "CB02_2025"]
[SourceDate "2025.01.08"]
[SourceVersion "1"]
[SourceVersionDate "2025.01.08"]
[SourceQuality "1"]

1. d4 Nf6 2. Nf3 e6 3. Bg5 d5 4. e3 Nbd7 5. Nbd2 Be7 6. Bd3 0-0 7. 0-0 h6 8. Bh4 c5 9. c3 b6 10. Re1 Bb7 11. Qb1 Ne8 12. Bxe7 Qxe7 13. e4 cxd4 14. Nxd4 Nc5 15. Bc2 dxe4 16. Nxe4 Nxe4 17. Bxe4 Bxe4 18. Qxe4 Nf6 19. Qf3 Qc5 20. h3 Rad8 21. Re2 Rd5 22. Rae1 Rfd8 23. a3 a5 24. Re3 Qc4 25. Qe2 Qxe2 26. R1xe2 Nd7 27. f4 a4 28. Kf2 Nc5 29. Kf3 R8d7 30. g4 g6 31. h4 h5 32. g5 Kf8 33. Kg3 Kg7 34. Kf3 Kf8 35. Kg3 Nb7 36. Re5 Rxe5 37. fxe5 Nc5 38. Kf4 Rd5 39. Re3 Ke8 40. Kf3 Nd7 41. Kf4 Nc5 42. Kf3 Kd7 43. Kf4 Nb7 44. Ke4 Nc5+ 45. Kf4 Na6 46. Ke4 Nb8 47. Rd3 Ke8 48. c4 Rc5 49. Rc3 Nd7 50. Nf3 Rc7 51. Kd4 Nc5 52. Ke3 Nb3 53. Nd4 Nc5 54. Nb5 Rd7 55. Nd6+ Ke7 56. Kf4 Nb7 57. Nxb7 Rxb7 58. Ke4 Rc7 59. Kd4 Rd7+ 60. Ke4 Rd2 61. b3 Ra2 62. bxa4 Rb2 63. c5 bxc5 64. Rxc5 Ra2 65. Rc7+ Ke8 66. Rc3 Rb2 67. Kd4 Rb8 68. Kc4 Rc8+ 69. Kb4 Rb8+ 70. Kc4 Rc8+ 71. Kd3 Ra8 72. Rc4 Ra5 73. Kd4 Rd5+ 74. Ke4 Ra5 75. Rd4 Ke7 76. Kf4 Rc5 77. Ke4 Ra5 78. Rb4 Kf8 79. Kd4 Rd5+ 80. Ke4 Ra5 81. Kd4 Rd5+ 82. Ke4 Ra5 1/2-1/2

[Event "Qatar Masters op-A"]
[Site "Doha"]
[Date "2024.12.11"]
[Round "8"]
[White "Petrosyan, Manuel"]
[Black "Pham, Le Thao Nguyen"]
[Result "1-0"]
[WhiteElo "2612"]
[BlackElo "2384"]
[PlyCount "99"]
[EventDate "2024.12.03"]
[EventType "swiss"]
[EventRounds "9"]
[EventCountry "QAT"]
[SourceTitle "CB51_2024"]
[SourceDate "2024.12.18"]
[SourceVersion "1"]
[SourceVersionDate "2024.12.18"]
[SourceQuality "1"]

1. e4 c6 2. d4 d5 3. e5 Bf5 4. h4 h5 5. c4 e6 6. Nc3 Ne7 7. Nge2 dxc4 8. Ng3 Bg6 9. Bxc4 Nd7 10. Be3 Nf5 11. Nxf5 Bxf5 12. g3 Nb6 13. Bd3 Bxd3 14. Qxd3 Nd5 15. 0-0 Nxc3 16. bxc3 Be7 17. c4 Qd7 18. a4 g6 19. Rfd1 0-0 20. Qe4 Rad8 21. Rd3 f5 22. exf6 Rxf6 23. a5 Rf5 24. Rb3 Rc8 25. Rab1 Rc7 26. Bf4 Bd6 27. Bxd6 Qxd6 28. Rxb7 e5 29. dxe5 Rxe5 30. Rxc7 Rxe4 31. Rb8+ Qf8 32. Rxf8+ Kxf8 33. Rxc6 Kf7 34. a6 Re7 35. Kg2 Kg7 36. Kf3 Kf7 37. Kf4 Kg7 38. f3 Kh6 39. g4 hxg4 40. Kxg4 Kg7 41. f4 Rf7 42. Rc8 Kf6 43. Rc5 Kg7 44. Rc6 Kh7 45. Rc8 Kg7 46. Rb8 Kf6 47. c5 Rc7 48. Rb6+ axb6 49. cxb6 Rc1 50. a7 1-0